000
00484nam a2200145Ia 4500
008
100122s9999 xx 000 0 und d
082
_b
58873
_a
823.08
100
_a
लिमये अरविंद
245
_a
स्पर्श प्रकाशाचा
260
_b
चिरानि प्रकाशन
_c
2000
300
_a
172
630
_a
स्पर्श प्रकाशाचा
730
_a
स्पर्श प्रकाशाचा
942
_c
BOOK
999
_c
434618
_d
434615